000 00744aam a2200301 4500
005 20260408170637.0
008 150416b2001 xxu||||| |||| 00| 0 spa d
020 _a8425513766
041 _aESP
082 _a796.815 M997t
100 _aMyong Lee, Kyong
_933814
245 _aTaekwondo kyorugi: la competición
260 _aEstados Unidos
260 _bHispano Europea
260 _c2001
300 _a155 páginas
490 _aInvestigación Criminal
650 _aTAEKWONDO
650 _aCORTESÍA
650 _aCOMPETENCIA
650 _aREGLAS DE COMPETENCIA
650 _aESTRUCTURA
650 _aTÉCNICAS
650 _aENTRETENIMIENTO
650 _aCONDICIÓN FÍSICA
650 _aTÁCTICAS
942 _cBK
_2ddc
999 _c4672
_d4672